| 000 | 00436ntaaa2200169 4500 | ||
|---|---|---|---|
| 003 | 01 | ||
| 005 | 20251027201908.0 | ||
| 008 | 0714s1973 ag 01 | ||
| 040 |
_aAR-BaBN _bspa _cAR-BaBN _eaacr _dRIC |
||
| 082 | _a244.1000 L61 | ||
| 100 |
_ade Libert, Severa Avila _917462 |
||
| 245 | _aInquietudes de Eunice | ||
| 250 |
_a1 ed. : _bJunta Bautista de Publicaciones, _cn.f. |
||
| 300 | _a59 p. | ||
| 650 | _aNovela Religiosa | ||
| 942 | _cBK | ||
| 999 |
_c13657 _d13657 |
||